Language and Language Learning / (Record no. 188525)

000 -LEADER
fixed length control field 01000 a2200193 4500
003 - CONTROL NUMBER IDENTIFIER
control field Nust
005 - DATE AND TIME OF LATEST TRANSACTION
control field 20230314111100.0
040 ## - CATALOGING SOURCE
Transcribing agency Nust
082 ## - DEWEY DECIMAL CLASSIFICATION NUMBER
Classification number 410,BRO
100 ## - MAIN ENTRY--PERSONAL NAME
Personal name Brooks, Nelson
9 (RLIN) 110241
245 ## - TITLE STATEMENT
Title Language and Language Learning /
Statement of responsibility, etc. Nelson Brooks,
250 ## - EDITION STATEMENT
Edition statement 2nd ed
260 ## - PUBLICATION, DISTRIBUTION, ETC.
Place of publication, distribution, etc. New York
Name of publisher, distributor, etc. Harcourt Brace & world
Date of publication, distribution, etc. 1964
300 ## - PHYSICAL DESCRIPTION
Extent 299: p
505 ## - FORMATTED CONTENTS NOTE
Formatted contents note Theory of Language (Page-1), Language and Talk (Page-24), Mother Tongs and Second Language (Page-35), Language Learning (Page-45), Language Teaching (Page-60), Language Culture (Page-82), Language and Literature (Page-97), Objectives of the Language Course (Page-107), Continuity for the Learner (Page-113), Methods and Materials (Page-140), Pattern Practices (Page-152), Reading and Writing (Page-164), Vocabulary (Page-180), The Language Laboratory (Page-189), Tests and Measurements (Page-226), Building a Profession (Page-226).
538 ## - SYSTEM DETAILS NOTE
System details note Almirah No.55, Shelf No.5
650 ## - SUBJECT ADDED ENTRY--TOPICAL TERM
Topical term or geographic name entry element anguage
9 (RLIN) 110242
942 ## - ADDED ENTRY ELEMENTS (KOHA)
Source of classification or shelving scheme
Koha item type Book
Holdings
Withdrawn status Lost status Source of classification or shelving scheme Damaged status Not for loan Permanent Location Current Location Shelving location Date acquired Full call number Barcode Date last seen Price effective from Koha item type Public note
          Military College of Signals (MCS) Military College of Signals (MCS) General Stacks 12/12/2016 410,BRO MCS20581 12/08/2016 12/12/2016 Book Almirah No.74, Shelf No.4
© 2023 Central Library, National University of Sciences and Technology. All Rights Reserved.